| 000 | 00541nam a2200181Ia 4500 | ||
|---|---|---|---|
| 008 | 131103s9999 xx 000 0 und d | ||
| 040 | _aLoreto College | ||
| 041 | _aEnglish | ||
| 082 |
_a371.2/BAL _bLCBkB/486 |
||
| 100 | _aBallard,Philip Boswood | ||
| 245 |
_aMental tests _cPhilip Boswood Ballard |
||
| 260 |
_aLondon _bUniversity Of London Press _c1920 |
||
| 300 |
_axv,235 p. _b ill.,fig.,tables _c 9 cm. |
||
| 504 | _aEighteenth impression 1955 | ||
| 650 | _aSchools and their activities | ||
| 850 | _aLCBkB/371.2/BAL | ||
| 942 | _cBK | ||
| 999 |
_c35127 _d85606 |
||